D Marks the Spot - Statistics

General Stats
  • This quiz has been taken 135 times
  • The average score is 14 of 21
Answer Stats
Hint Answer % Correct
Yesterday's tomorrow Today
93%
Biblical betrayer Judas
91%
Russian liquor Vodka
90%
Cowboy contest Rodeo
88%
Venetian boat Gondola
84%
Apple drink Cider
81%
Jury's decision Verdict
81%
Gave help to Aided
74%
Capital of Wales Cardiff
73%
Tell the future Predict
70%
Tightly-tinned fish Sardine
69%
Kayak, Warsaw, Dad, etc Palindromes
65%
Asian country India
64%
Bovine gland Udder
60%
Somalian capital Mogadishu
51%
Violin player Fiddler
47%
Track cycling arena Velodrome
45%
Garden maze wall Hedge
43%
Wunderkind Prodigy
38%
Evade, sidestep Dodge
35%
Dwelling, home Residence
31%
No matching quizzes found
Score Distribution
Percent of People with Each Score
Percentile by Number Answered
Your Score History
You have not taken this quiz